Datum a čas kvízu
26.5
Celkem bodů
Celkový počet nahraných bodů na tomto kvízu bez doplňovacích otázek.
2.
Pořadí na kvízu
Konečné umístění týmu na tomto kvízu.
Zaznamenané odpovědi
| # | Otázka | Odpověď | Body | Výsledky |
|---|---|---|---|---|
| 1. | Minulou neděli dopoledne dosed... | 1 | ||
| 2. | Na otevření nového obchodu s h... | 1 | ||
| 3. | Ve zlínském obchodním a zábavn... | 1 | ||
| 4. | Bývalého hokejového brankáře,... | 1 | ||
| 5. | Lezec Adam Ondra minulý týden... | 1 | ||
| 6. | Dědictví aneb Kurvahošigutntag... | 0 | ||
| 7. | V Brně na ulici Česká se natáč... | 0 | ||
| 8. | Kterou značku cigaret má Bohuš... | 0 | ||
| 9. | Kterou polévku si objednal prá... | 0 | ||
| 10. | Pták, kterého Bohuš koupil Ire... | 0 |